[Event "DVM U14 2023"]
[Site "Magdeburg GER"]
[Date "2023.12.28"]
[Round "4"]
[White "Zhu, Timo Kaiheng"]
[Black "Steinberger, Michael"]
[Result "0-1"]
[Termination "normal"]
[Board "8.3"]
[WhiteElo "1463"]
[BlackElo "1629"]
[WhiteClock "01:10:16"]
[BlackClock "00:21:10"]
[WhiteTeam "SC Viernheim 1934"]
[BlackTeam "SF Augsburg"]
[PlyCount "108"]
[WhiteFideId "34655670"]
[BlackFideId "34622373"]
[EventCountry "GER"]
[EventRounds "7"]
[EventType "team-swiss"]
[EventDate "2023.12.26"]

1. e4 {[%clk 01:30:56]} {[%emt 00:00:03]} c5 {[%clk 01:30:55]} {[%emt
00:00:05]} 2. Nf3 {[%clk 01:31:16]} {[%emt 00:00:10]} e6 {[%clk 01:31:18]}
{[%emt 00:00:07]} 3. d4 {[%clk 01:31:36]} {[%emt 00:00:10]} cxd4 {[%clk
01:31:43]} {[%emt 00:00:06]} 4. Nxd4 {[%clk 01:32:02]} {[%emt 00:00:04]} Nf6
{[%clk 01:32:08]} {[%emt 00:00:05]} 5. Bd3 {[%clk 01:31:52]} {[%emt 00:00:39]}
Nc6 {[%clk 01:32:14]} {[%emt 00:00:25]} 6. Nf3 {[%clk 01:32:07]} {[%emt
00:00:15]} d5 {[%clk 01:29:48]} {[%emt 00:02:56]} 7. exd5 {[%clk 01:31:48]}
{[%emt 00:00:48]} exd5 {[%clk 01:27:38]} {[%emt 00:02:40]} 8. O-O {[%clk
01:31:46]} {[%emt 00:00:33]} Be7 {[%clk 01:27:06]} {[%emt 00:01:02]} 9. Bf4
{[%clk 01:30:56]} {[%emt 00:01:20]} O-O {[%clk 01:26:28]} {[%emt 00:01:09]} 10.
c3 {[%clk 01:31:00]} {[%emt 00:00:26]} Bg4 {[%clk 01:22:02]} {[%emt 00:04:56]}
11. Nbd2 {[%clk 01:30:58]} {[%emt 00:00:31]} Rc8 {[%clk 01:18:03]} {[%emt
00:04:29]} 12. Kh1 {[%clk 01:29:20]} {[%emt 00:02:08]} Qd7 {[%clk 01:10:41]}
{[%emt 00:07:52]} 13. Qc2 {[%clk 01:24:20]} {[%emt 00:05:30]} Nb4 {[%clk
01:02:33]} {[%emt 00:08:39]} 14. Qb1 {[%clk 01:23:56]} {[%emt 00:00:53]} Nxd3
{[%clk 01:02:49]} {[%emt 00:00:14]} 15. Qxd3 {[%clk 01:24:06]} {[%emt
00:00:19]} Bf5 {[%clk 01:01:50]} {[%emt 00:01:30]} 16. Qe2 {[%clk 01:22:49]}
{[%emt 00:01:47]} Ne4 {[%clk 00:54:09]} {[%emt 00:08:12]} 17. Nd4 {[%clk
01:21:39]} {[%emt 00:01:40]} Bg6 {[%clk 00:52:27]} {[%emt 00:02:12]} 18. f3
{[%clk 01:20:59]} {[%emt 00:01:10]} Nc5 {[%clk 00:51:22]} {[%emt 00:01:35]} 19.
N2b3 {[%clk 01:15:46]} {[%emt 00:05:43]} b6 {[%clk 00:41:36]} {[%emt 00:10:16]}
20. Rad1 {[%clk 01:14:33]} {[%emt 00:01:43]} Bf6 {[%clk 00:40:45]} {[%emt
00:01:22]} 21. Qd2 {[%clk 01:13:02]} {[%emt 00:01:59]} Rfd8 {[%clk 00:39:39]}
{[%emt 00:01:37]} 22. Bg5 {[%clk 01:12:17]} {[%emt 00:01:15]} Bxg5 {[%clk
00:34:26]} {[%emt 00:05:43]} 23. Qxg5 {[%clk 01:12:27]} {[%emt 00:00:19]} a5
{[%clk 00:26:00]} {[%emt 00:08:56]} 24. Ne2 {[%clk 01:09:16]} {[%emt 00:03:42]}
Nxb3 {[%clk 00:24:37]} {[%emt 00:01:53]} 25. axb3 {[%clk 01:09:04]} {[%emt
00:00:42]} Bc2 {[%clk 00:24:56]} {[%emt 00:00:11]} 26. Rd2 {[%clk 01:08:47]}
{[%emt 00:00:47]} Bxb3 {[%clk 00:25:11]} {[%emt 00:00:15]} 27. Nf4 {[%clk
01:08:42]} {[%emt 00:00:35]} f6 {[%clk 00:20:04]} {[%emt 00:05:38]} 28. Qg3
{[%clk 01:08:06]} {[%emt 00:01:06]} Qd6 {[%clk 00:19:39]} {[%emt 00:00:55]} 29.
Nh5 {[%clk 01:07:53]} {[%emt 00:00:43]} Qxg3 {[%clk 00:20:00]} {[%emt
00:00:09]} 30. Nxg3 {[%clk 01:08:14]} {[%emt 00:00:08]} Re8 {[%clk 00:20:03]}
{[%emt 00:00:27]} 31. Re2 {[%clk 01:07:13]} {[%emt 00:01:32]} Rxe2 {[%clk
00:20:09]} {[%emt 00:00:23]} 32. Nxe2 {[%clk 01:07:38]} {[%emt 00:00:05]} Bc4
{[%clk 00:20:26]} {[%emt 00:00:13]} 33. Rf2 {[%clk 01:07:55]} {[%emt 00:00:12]}
Bxe2 {[%clk 00:20:04]} {[%emt 00:00:52]} 34. Rxe2 {[%clk 01:08:11]} {[%emt
00:00:13]} d4 {[%clk 00:20:28]} {[%emt 00:00:07]} 35. Rc2 {[%clk 01:08:03]}
{[%emt 00:00:38]} b5 {[%clk 00:20:18]} {[%emt 00:00:40]} 36. Kg1 {[%clk
01:08:20]} {[%emt 00:00:14]} dxc3 {[%clk 00:20:15]} {[%emt 00:00:33]} 37. bxc3
{[%clk 01:08:10]} {[%emt 00:00:40]} b4 {[%clk 00:20:41]} {[%emt 00:00:04]} 38.
Ra2 {[%clk 01:08:22]} {[%emt 00:00:16]} bxc3 {[%clk 00:20:40]} {[%emt
00:00:32]} 39. Rc2 {[%clk 01:08:23]} {[%emt 00:00:29]} a4 {[%clk 00:20:08]}
{[%emt 00:01:02]} 40. Kf2 {[%emt 00:00:03]} a3 {[%clk 00:17:57]} {[%emt
00:02:39]} 41. Ke2 {[%clk 01:08:53]} {[%emt 00:00:27]} a2 {[%clk 00:18:13]}
{[%emt 00:00:15]} 42. Rc1 {[%clk 01:08:56]} {[%emt 00:00:28]} Rb8 {[%clk
00:18:21]} {[%emt 00:00:21]} 43. Ra1 {[%clk 01:08:52]} {[%emt 00:00:34]} Rb1
{[%clk 00:18:25]} {[%emt 00:00:26]} 44. Rxa2 {[%clk 01:09:12]} {[%emt
00:00:10]} Rb2+ {[%clk 00:18:47]} {[%emt 00:00:08]} 45. Rxb2 {[%clk 01:08:49]}
{[%emt 00:00:54]} cxb2 {[%clk 00:19:12]} {[%emt 00:00:05]} 46. Kf2 {[%clk
01:09:11]} {[%emt 00:00:08]} b1=Q {[%clk 00:19:36]} {[%emt 00:00:06]} 47. Kg3
{[%clk 01:09:35]} {[%emt 00:00:06]} g5 {[%clk 00:19:49]} {[%emt 00:00:17]} 48.
h3 {[%clk 01:09:38]} {[%emt 00:00:27]} Qe1+ {[%clk 00:20:07]} {[%emt 00:00:12]}
49. Kh2 {[%clk 01:09:32]} {[%emt 00:00:36]} h5 {[%clk 00:20:24]} {[%emt
00:00:13]} 50. f4 {[%clk 01:09:32]} {[%emt 00:00:30]} gxf4 {[%clk 00:20:20]}
{[%emt 00:00:34]} 51. h4 {[%clk 01:09:33]} {[%emt 00:00:30]} Qg3+ {[%clk
00:20:42]} {[%emt 00:00:07]} 52. Kg1 {[%clk 01:09:36]} {[%emt 00:00:26]} f3
{[%clk 00:21:01]} {[%emt 00:00:12]} 53. Kf1 {[%clk 01:09:49]} {[%emt 00:00:17]}
Qxg2+ {[%clk 00:21:21]} {[%emt 00:00:09]} 54. Ke1 {[%clk 01:10:16]} {[%emt
00:00:04]} Qe2# {[%clk 00:21:10]} {[%emt 00:00:10]} 0-1

[Event "DVM U14 2023"]
[Site "Magdeburg GER"]
[Date "2023.12.28"]
[Round "4"]
[White "Wachtel, Alexandra"]
[Black "Marschall, Julian"]
[Result "0-1"]
[Termination "normal"]
[Board "8.4"]
[WhiteElo "1100"]
[BlackElo "1324"]
[WhiteClock "00:19:39"]
[BlackClock "00:44:38"]
[WhiteTeam "SF Augsburg"]
[BlackTeam "SC Viernheim 1934"]
[PlyCount "76"]
[WhiteFideId "34620427"]
[BlackFideId "34608001"]
[EventCountry "GER"]
[EventRounds "7"]
[EventType "team-swiss"]
[EventDate "2023.12.26"]

1. e4 {[%clk 01:30:57]} {[%emt 00:00:02]} e5 {[%clk 01:30:52]} {[%emt
00:00:08]} 2. Nf3 {[%clk 01:31:23]} {[%emt 00:00:05]} Nc6 {[%clk 01:31:11]}
{[%emt 00:00:11]} 3. d4 {[%clk 01:31:48]} {[%emt 00:00:04]} exd4 {[%clk
01:29:55]} {[%emt 00:01:46]} 4. Bc4 {[%clk 01:32:13]} {[%emt 00:00:05]} Nf6
{[%clk 01:29:04]} {[%emt 00:01:22]} 5. e5 {[%clk 01:32:21]} {[%emt 00:00:21]}
d5 {[%clk 01:29:02]} {[%emt 00:00:32]} 6. Bb5 {[%clk 01:32:39]} {[%emt
00:00:12]} Ne4 {[%clk 01:28:55]} {[%emt 00:00:37]} 7. Nxd4 {[%clk 01:32:43]}
{[%emt 00:00:26]} Bd7 {[%clk 01:28:39]} {[%emt 00:00:46]} 8. Bxc6 {[%clk
01:32:47]} {[%emt 00:00:26]} Bxc6 {[%clk 01:28:47]} {[%emt 00:00:21]} 9. O-O
{[%clk 01:32:55]} {[%emt 00:00:22]} Bc5 {[%clk 01:28:22]} {[%emt 00:00:56]} 10.
Be3 {[%clk 01:30:13]} {[%emt 00:03:12]} Bb6 {[%clk 01:27:49]} {[%emt 00:01:03]}
11. f3 {[%clk 01:26:58]} {[%emt 00:03:45]} Ng5 {[%clk 01:24:51]} {[%emt
00:03:28]} 12. f4 {[%clk 01:26:24]} {[%emt 00:01:04]} Ne4 {[%clk 01:25:09]}
{[%emt 00:00:12]} 13. Nd2 {[%clk 01:24:04]} {[%emt 00:02:51]} Nxd2 {[%clk
01:25:00]} {[%emt 00:00:39]} 14. Qxd2 {[%clk 01:24:02]} {[%emt 00:00:31]} O-O
{[%clk 01:25:12]} {[%emt 00:00:18]} 15. Nxc6 {[%clk 01:21:40]} {[%emt
00:02:51]} bxc6 {[%clk 01:25:34]} {[%emt 00:00:08]} 16. Rad1 {[%clk 01:20:23]}
{[%emt 00:01:47]} Rb8 {[%clk 01:24:07]} {[%emt 00:01:57]} 17. b3 {[%clk
01:20:00]} {[%emt 00:00:54]} Qe7 {[%clk 01:21:22]} {[%emt 00:03:15]} 18. Bxb6
{[%clk 01:17:13]} {[%emt 00:03:17]} cxb6 {[%clk 01:21:30]} {[%emt 00:00:22]}
19. Rfe1 {[%clk 01:14:01]} {[%emt 00:03:40]} Rbd8 {[%clk 01:18:54]} {[%emt
00:03:07]} 20. Re3 {[%clk 01:09:46]} {[%emt 00:04:45]} Qc5 {[%clk 01:15:12]}
{[%emt 00:04:12]} 21. Kh1 {[%clk 01:07:03]} {[%emt 00:03:13]} Qa3 {[%clk
01:11:28]} {[%emt 00:04:14]} 22. c3 {[%clk 00:57:04]} {[%emt 00:10:29]} c5
{[%clk 01:09:32]} {[%emt 00:02:27]} 23. Rd3 {[%clk 00:55:31]} {[%emt 00:02:02]}
d4 {[%clk 01:05:18]} {[%emt 00:04:45]} 24. cxd4 {[%clk 00:55:11]} {[%emt
00:00:50]} cxd4 {[%clk 01:05:38]} {[%emt 00:00:11]} 25. Rxd4 {[%clk 00:52:23]}
{[%emt 00:03:17]} Rxd4 {[%clk 01:05:57]} {[%emt 00:00:11]} 26. Qxd4 {[%clk
00:52:45]} {[%emt 00:00:09]} Qxa2 {[%clk 01:05:48]} {[%emt 00:00:38]} 27. Qc4
{[%clk 00:50:57]} {[%emt 00:02:16]} h6 {[%clk 01:04:12]} {[%emt 00:02:08]} 28.
h3 {[%clk 00:48:21]} {[%emt 00:03:06]} Re8 {[%clk 01:01:32]} {[%emt 00:03:11]}
29. Rd7 {[%clk 00:38:29]} {[%emt 00:10:21]} Qb1+ {[%clk 00:59:13]} {[%emt
00:02:50]} 30. Kh2 {[%clk 00:38:46]} {[%emt 00:00:13]} Qf5 {[%clk 00:58:29]}
{[%emt 00:01:14]} 31. Rxa7 {[%clk 00:37:23]} {[%emt 00:01:53]} Rc8 {[%clk
00:56:41]} {[%emt 00:02:18]} 32. Qd4 {[%clk 00:31:40]} {[%emt 00:06:12]} Rc2
{[%clk 00:53:36]} {[%emt 00:03:37]} 33. Rb7 {[%clk 00:30:16]} {[%emt 00:01:52]}
Qg6 {[%clk 00:51:42]} {[%emt 00:02:26]} 34. Qg1 {[%clk 00:29:55]} {[%emt
00:00:50]} Qe4 {[%clk 00:48:11]} {[%emt 00:04:02]} 35. Rb8+ {[%clk 00:29:01]}
{[%emt 00:01:24]} Kh7 {[%clk 00:48:18]} {[%emt 00:00:27]} 36. Qf1 {[%clk
00:29:04]} {[%emt 00:00:22]} Qe3 {[%clk 00:46:47]} {[%emt 00:02:02]} 37. Qb1
{[%clk 00:19:40]} {[%emt 00:09:53]} Qxf4+ {[%clk 00:46:15]} {[%emt 00:01:03]}
38. Kg1 {[%clk 00:19:39]} {[%emt 00:00:31]} Qf2+ {[%clk 00:44:38]} {[%emt
00:02:08]} 0-1

[Event "DVM U14 2023"]
[Site "Magdeburg GER"]
[Date "2023.12.28"]
[Round "4"]
[White "Uyar, Levin"]
[Black "Weber, Nikita"]
[Result "1/2-1/2"]
[Termination "normal"]
[Board "9.1"]
[WhiteElo "1784"]
[BlackElo "1893"]
[WhiteClock "00:14:49"]
[BlackClock "01:10:37"]
[WhiteTeam "SC Untergrombach 46"]
[BlackTeam "Vorwärts Orient Mainz"]
[PlyCount "117"]
[WhiteFideId "16282108"]
[BlackFideId "34608770"]
[EventCountry "GER"]
[EventRounds "7"]
[EventType "team-swiss"]
[EventDate "2023.12.26"]

1. e4 {[%clk 01:30:58]} {[%emt 00:00:01]} c6 {[%clk 01:30:57]} {[%emt
00:00:03]} 2. Nc3 {[%clk 01:31:12]} {[%emt 00:00:17]} d5 {[%clk 01:30:57]}
{[%emt 00:00:30]} 3. Qf3 {[%clk 01:31:34]} {[%emt 00:00:08]} e6 {[%clk
01:27:54]} {[%emt 00:03:33]} 4. d4 {[%clk 01:30:54]} {[%emt 00:01:10]} Nd7
{[%clk 01:26:34]} {[%emt 00:01:50]} 5. Bd3 {[%clk 01:24:37]} {[%emt 00:06:46]}
dxe4 {[%clk 01:26:54]} {[%emt 00:00:10]} 6. Nxe4 {[%clk 01:20:57]} {[%emt
00:04:10]} Ngf6 {[%clk 01:27:04]} {[%emt 00:00:20]} 7. Bd2 {[%clk 01:14:42]}
{[%emt 00:06:44]} Qb6 {[%clk 01:24:53]} {[%emt 00:02:40]} 8. Ne2 {[%clk
01:09:04]} {[%emt 00:06:09]} Nxe4 {[%clk 01:24:52]} {[%emt 00:00:31]} 9. Qxe4
{[%clk 01:07:12]} {[%emt 00:02:22]} Nf6 {[%clk 01:22:30]} 10. Qh4 {[%clk
01:06:07]} {[%emt 00:04:26]} Be7 {[%clk 01:21:34]} 11. Qg3 {[%clk 01:00:49]}
{[%emt 00:07:15]} Bd7 {[%clk 01:13:44]} {[%emt 00:11:16]} 12. O-O c5 {[%emt
00:02:46]} 13. Bc3 {[%clk 00:47:58]} {[%emt 00:08:40]} Bc6 {[%emt 00:10:02]}
14. a3 {[%clk 00:43:08]} {[%emt 00:01:47]} O-O-O {[%clk 01:05:38]} 15. dxc5
{[%clk 00:34:24]} {[%emt 00:11:50]} Bxc5 {[%clk 01:05:33]} 16. Bb4 {[%clk
00:34:24]} h5 {[%clk 01:05:33]} 17. Bxc5 {[%clk 00:34:24]} Qxc5 {[%clk
01:05:33]} 18. b4 {[%clk 00:32:06]} {[%emt 00:06:51]} h4 {[%clk 01:02:18]} 19.
bxc5 {[%clk 00:32:06]} hxg3 {[%clk 01:02:18]} 20. Nxg3 {[%clk 00:26:37]} {[%emt
00:08:47]} Rd5 {[%emt 00:05:34]} 21. f3 {[%clk 00:21:15]} {[%emt 00:03:30]}
Rxc5 {[%clk 00:59:45]} 22. Ne4 {[%clk 00:20:13]} {[%emt 00:02:20]} Nxe4 {[%emt
00:00:39]} 23. Bxe4 {[%clk 00:20:03]} {[%emt 00:00:25]} Bxe4 {[%emt 00:02:13]}
24. fxe4 {[%clk 00:20:28]} {[%emt 00:00:03]} f6 {[%clk 00:58:30]} {[%emt
00:00:10]} 25. Rad1 {[%clk 00:15:26]} {[%emt 00:05:32]} Rxc2 {[%clk 00:54:24]}
{[%emt 00:04:36]} 26. Rc1 {[%clk 00:15:09]} {[%emt 00:00:48]} Rxc1 {[%clk
00:54:51]} {[%emt 00:00:03]} 27. Rxc1+ {[%clk 00:15:32]} {[%emt 00:00:06]} Kd7
{[%clk 00:55:16]} {[%emt 00:00:05]} 28. Rd1+ {[%clk 00:15:25]} {[%emt
00:00:37]} Kc7 {[%clk 00:55:26]} {[%emt 00:00:20]} 29. Rc1+ {[%clk 00:15:38]}
{[%emt 00:00:17]} Kd6 {[%emt 00:01:53]} 30. Rd1+ {[%clk 00:15:52]} {[%emt
00:00:10]} Ke7 {[%clk 00:54:24]} {[%emt 00:00:15]} 31. Rc1 {[%clk 00:12:46]}
{[%emt 00:03:37]} Rd8 {[%clk 00:54:46]} {[%emt 00:00:07]} 32. Kf2 {[%clk
00:12:21]} {[%emt 00:00:55]} Rd7 {[%clk 00:52:40]} {[%emt 00:02:37]} 33. Ke3
{[%clk 00:12:02]} {[%emt 00:00:49]} Kd6 {[%emt 00:00:18]} 34. h4 {[%clk
00:11:01]} {[%emt 00:01:25]} Rc7 {[%clk 00:52:03]} {[%emt 00:01:25]} 35. Rb1
{[%clk 00:05:49]} {[%emt 00:05:42]} b6 {[%clk 00:50:50]} {[%emt 00:01:42]} 36.
Kf4 {[%clk 00:04:17]} {[%emt 00:02:02]} Rc5 {[%clk 00:50:30]} {[%emt 00:00:50]}
37. Rd1+ {[%clk 00:04:18]} {[%emt 00:00:30]} Kc6 {[%emt 00:00:44]} 38. Rd8
{[%emt 00:01:34]} g5+ {[%emt 00:00:34]} 39. hxg5 {[%clk 00:04:12]} fxg5+ {[%clk
00:49:40]} {[%emt 00:00:32]} 40. Kg4 {[%emt 00:01:00]} Re5 {[%clk 00:48:50]}
{[%emt 00:00:52]} 41. Kh5 {[%clk 00:02:12]} {[%emt 00:02:28]} a5 {[%clk
00:48:55]} {[%emt 00:00:25]} 42. g4 {[%clk 00:01:15]} {[%emt 00:01:27]} b5
{[%clk 00:48:35]} {[%emt 00:00:49]} 43. Kg6 {[%clk 00:28:12]} {[%emt 00:03:34]}
b4 {[%clk 01:17:41]} {[%emt 00:01:24]} 44. axb4 {[%clk 00:27:17]} {[%emt
00:01:25]} axb4 {[%emt 00:00:45]} 45. Kf6 {[%clk 00:27:02]} {[%emt 00:00:01]}
Rxe4 {[%clk 01:17:46]} {[%emt 00:00:53]} 46. Kxg5 {[%clk 00:27:14]} {[%emt
00:00:18]} Kc5 {[%clk 01:16:08]} {[%emt 00:02:08]} 47. Kh5 {[%clk 00:24:03]}
{[%emt 00:03:40]} Re1 {[%clk 01:09:20]} {[%emt 00:07:18]} 48. Kg6 {[%clk
00:19:24]} {[%emt 00:05:10]} b3 {[%clk 01:09:29]} {[%emt 00:00:21]} 49. Rb8
{[%clk 00:19:24]} {[%emt 00:00:30]} Kc4 {[%clk 01:09:47]} {[%emt 00:00:13]} 50.
Kf6 {[%clk 00:18:30]} {[%emt 00:01:23]} Kc3 {[%clk 01:09:54]} {[%emt 00:00:23]}
51. g5 {[%clk 00:15:55]} {[%emt 00:03:05]} b2 {[%clk 01:10:14]} {[%emt
00:00:10]} 52. g6 {[%clk 00:13:25]} {[%emt 00:03:01]} b1=Q {[%clk 01:10:20]}
{[%emt 00:00:24]} 53. Rxb1 {[%clk 00:13:36]} {[%emt 00:00:19]} Rxb1 {[%clk
01:10:48]} {[%emt 00:00:02]} 54. Kxe6 {[%clk 00:13:53]} {[%emt 00:00:13]} Re1+
{[%clk 01:09:48]} {[%emt 00:01:29]} 55. Kf7 {[%clk 00:13:50]} {[%emt 00:00:33]}
Rf1+ {[%clk 01:09:58]} {[%emt 00:00:21]} 56. Ke7 {[%clk 00:13:50]} {[%emt
00:00:28]} Kd4 {[%clk 01:10:00]} {[%emt 00:00:30]} 57. g7 {[%clk 00:14:05]}
{[%emt 00:00:14]} Rg1 {[%clk 01:10:28]} {[%emt 00:00:02]} 58. Kf7 {[%clk
00:14:24]} {[%emt 00:00:12]} Rxg7+ {[%clk 01:10:37]} {[%emt 00:00:22]} 59. Kxg7
{[%clk 00:14:49]} {[%emt 00:00:05]} 1/2-1/2

[Event "DVM U14 2023"]
[Site "Magdeburg GER"]
[Date "2023.12.28"]
[Round "4"]
[White "Mohammadzadeh, Daris"]
[Black "Jung, Niklas"]
[Result "1-0"]
[Termination "normal"]
[Board "9.2"]
[WhiteElo "1800"]
[BlackElo "1477"]
[WhiteClock "00:01:36"]
[BlackClock "00:00:54"]
[WhiteTeam "Vorwärts Orient Mainz"]
[BlackTeam "SC Untergrombach 46"]
[PlyCount "71"]
[WhiteFideId "34604359"]
[BlackFideId "16280601"]
[EventCountry "GER"]
[EventRounds "7"]
[EventType "team-swiss"]
[EventDate "2023.12.26"]

1. e4 {[%clk 01:30:58]} {[%emt 00:00:01]} c5 {[%clk 01:30:52]} {[%emt
00:00:09]} 2. Nc3 {[%clk 01:31:24]} {[%emt 00:00:03]} Nc6 {[%clk 01:30:32]}
{[%emt 00:00:50]} 3. Bb5 {[%clk 01:31:13]} {[%emt 00:00:41]} Nd4 {[%clk
01:26:50]} {[%emt 00:04:11]} 4. Nf3 {[%clk 01:31:07]} {[%emt 00:00:36]} e6
{[%clk 01:26:42]} {[%emt 00:00:38]} 5. O-O {[%clk 01:29:02]} {[%emt 00:02:35]}
a6 {[%clk 01:26:54]} {[%emt 00:00:19]} 6. Bd3 {[%clk 01:28:18]} {[%emt
00:01:14]} Nc6 {[%clk 01:25:59]} {[%emt 00:01:25]} 7. Re1 {[%clk 01:25:44]}
{[%emt 00:03:04]} Be7 {[%clk 01:25:41]} {[%emt 00:00:47]} 8. e5 {[%clk
01:23:27]} {[%emt 00:02:48]} b5 {[%clk 01:25:01]} {[%emt 00:01:10]} 9. Be4
{[%clk 01:18:56]} {[%emt 00:05:02]} Bb7 {[%clk 01:24:47]} {[%emt 00:00:43]} 10.
d4 {[%clk 01:17:34]} {[%emt 00:01:52]} cxd4 {[%clk 01:24:20]} {[%emt 00:00:57]}
11. Nxd4 {[%clk 01:14:42]} {[%emt 00:03:22]} Qc7 {[%clk 01:20:59]} {[%emt
00:03:50]} 12. Nxc6 {[%clk 01:09:35]} {[%emt 00:05:39]} Bxc6 {[%clk 01:18:40]}
{[%emt 00:02:48]} 13. Bxc6 {[%clk 01:06:46]} {[%emt 00:03:19]} Qxc6 {[%clk
01:18:24]} {[%emt 00:00:46]} 14. a4 {[%clk 01:01:26]} {[%emt 00:05:51]} b4
{[%clk 01:14:55]} {[%emt 00:03:58]} 15. Ne4 {[%clk 01:00:57]} {[%emt 00:00:59]}
Rc8 {[%clk 01:13:30]} {[%emt 00:01:55]} 16. Qg4 {[%clk 00:53:24]} {[%emt
00:08:04]} Kf8 {[%clk 01:06:31]} {[%emt 00:07:28]} 17. Bd2 {[%clk 00:36:03]}
{[%emt 00:17:52]} h5 {[%clk 00:59:55]} {[%emt 00:07:05]} 18. Qf3 {[%clk
00:20:35]} {[%emt 00:15:58]} Qd5 {[%clk 00:42:55]} {[%emt 00:17:28]} 19. Ng5
{[%clk 00:10:37]} {[%emt 00:10:24]} Qxf3 {[%clk 00:42:34]} {[%emt 00:00:55]}
20. Nxf3 {[%clk 00:10:00]} {[%emt 00:01:08]} Bc5 {[%emt 00:17:49]} 21. Re4
{[%clk 00:08:06]} a5 {[%clk 00:22:34]} {[%emt 00:05:35]} 22. Rc4 {[%clk
00:06:51]} {[%emt 00:01:45]} Bxf2+ {[%clk 00:21:34]} {[%emt 00:01:30]} 23. Kxf2
{[%clk 00:07:20]} {[%emt 00:00:01]} Rxc4 {[%clk 00:21:54]} {[%emt 00:00:10]}
24. c3 {[%clk 00:07:34]} {[%emt 00:00:17]} Ne7 {[%clk 00:18:43]} {[%emt
00:03:41]} 25. b3 {[%clk 00:03:26]} {[%emt 00:04:38]} Rc7 {[%clk 00:15:01]}
{[%emt 00:04:10]} 26. cxb4 {[%clk 00:03:36]} {[%emt 00:00:21]} axb4 {[%clk
00:14:45]} {[%emt 00:00:46]} 27. Bxb4 {[%clk 00:04:02]} {[%emt 00:00:04]} Rb7
{[%clk 00:15:07]} {[%emt 00:00:08]} 28. Bd6 {[%clk 00:02:57]} {[%emt 00:01:36]}
Ke8 {[%clk 00:09:09]} {[%emt 00:06:27]} 29. a5 {[%clk 00:02:19]} {[%emt
00:01:08]} Nc6 {[%clk 00:08:34]} {[%emt 00:01:04]} 30. a6 {[%clk 00:02:01]}
{[%emt 00:00:49]} Ra7 {[%clk 00:08:54]} {[%emt 00:00:10]} 31. b4 {[%clk
00:01:24]} {[%emt 00:01:08]} Ra8 {[%clk 00:01:30]} {[%emt 00:07:54]} 32. b5
{[%clk 00:01:19]} {[%emt 00:00:34]} Kd8 {[%clk 00:00:43]} {[%emt 00:01:16]} 33.
b6 {[%clk 00:00:54]} {[%emt 00:00:55]} Nb8 {[%clk 00:00:35]} {[%emt 00:00:38]}
34. Bxb8 {[%clk 00:00:50]} {[%emt 00:00:35]} Rxb8 {[%clk 00:00:56]} {[%emt
00:00:09]} 35. a7 {[%clk 00:01:08]} {[%emt 00:00:12]} Kc8 {[%clk 00:00:54]}
{[%emt 00:00:32]} 36. a8=Q {[%clk 00:01:36]} {[%emt 00:00:03]} 1-0

[Event "DVM U14 2023"]
[Site "Magdeburg GER"]
[Date "2023.12.28"]
[Round "4"]
[White "Wettstein, Levin"]
[Black "Weidemann, Max"]
[Result "1/2-1/2"]
[Termination "normal"]
[Board "9.3"]
[WhiteElo "1310"]
[BlackElo "1222"]
[WhiteTeam "SC Untergrombach 46"]
[BlackTeam "Vorwärts Orient Mainz"]
[PlyCount "95"]
[WhiteFideId "34635866"]
[BlackFideId "34617000"]
[EventCountry "GER"]
[EventRounds "7"]
[EventType "team-swiss"]
[EventDate "2023.12.26"]

1. e4 {[%emt 00:29:40]} e5 {[%emt 00:00:09]} 2. Nf3 {[%emt 00:00:06]} Nc6
{[%emt 00:00:08]} 3. Nc3 {[%emt 00:00:08]} Nf6 {[%emt 00:00:12]} 4. d4 {[%emt
00:00:06]} exd4 {[%emt 00:00:08]} 5. Nxd4 {[%emt 00:00:08]} Bb4 {[%emt
00:00:04]} 6. Nxc6 {[%emt 00:00:12]} bxc6 {[%emt 00:00:06]} 7. Bd3 {[%emt
00:00:09]} d5 {[%emt 00:00:13]} 8. exd5 {[%emt 00:00:12]} cxd5 {[%emt
00:00:07]} 9. O-O {[%emt 00:00:08]} O-O {[%emt 00:00:06]} 10. h3 {[%emt
00:00:09]} c6 {[%emt 00:00:27]} 11. Qf3 {[%emt 00:00:20]} Bd6 {[%emt 00:01:31]}
12. Bg5 {[%emt 00:01:20]} Rb8 {[%emt 00:05:43]} 13. Rab1 {[%emt 00:03:18]} Be5
{[%emt 00:06:36]} 14. Rfe1 {[%emt 00:07:31]} Re8 {[%emt 00:04:24]} 15. Bf5
{[%emt 00:19:37]} Bxf5 {[%emt 00:13:36]} 16. Qxf5 {[%emt 00:00:21]} Qd6 {[%emt
00:03:10]} 17. Kh1 {[%emt 00:10:03]} h6 {[%emt 00:19:54]} 18. Bd2 {[%emt
00:11:00]} c5 {[%emt 00:14:36]} 19. b3 {[%emt 00:06:34]} Rb7 {[%emt 00:14:24]}
20. Qd3 {[%emt 00:19:03]} a6 {[%emt 00:03:08]} 21. Ne2 {[%emt 00:06:28]} Ne4
{[%emt 00:01:46]} 22. Rf1 {[%emt 00:02:26]} c4 {[%emt 00:03:25]} 23. Qe3 {[%emt
00:01:46]} Bf6 {[%emt 00:00:32]} 24. Qf4 {[%emt 00:02:21]} Qe6 {[%emt
00:04:22]} 25. Be3 {[%emt 00:04:39]} Bg5 {[%emt 00:01:59]} 26. Qf3 {[%emt
00:00:19]} Bxe3 {[%emt 00:01:14]} 27. Qxe3 {[%emt 00:00:10]} Rd7 {[%emt
00:01:23]} 28. Nf4 {[%emt 00:01:26]} Qe5 {[%emt 00:00:21]} 29. Rfe1 {[%emt
00:01:41]} d4 {[%emt 00:00:50]} 30. Qf3 {[%emt 00:01:07]} c3 {[%emt 00:00:37]}
31. Nd3 {[%emt 00:00:36]} Qd5 {[%emt 00:00:30]} 32. Nb4 {[%emt 00:00:46]} Qb7
33. Nxa6 {[%emt 00:00:24]} Rde7 {[%emt 00:00:27]} 34. Re2 {[%emt 00:02:15]}
Qxa6 {[%emt 00:00:09]} 35. Rbe1 {[%emt 00:00:10]} Qb7 {[%emt 00:00:51]} 36. a4
{[%emt 00:00:16]} Kf8 {[%emt 00:00:09]} 37. Qf5 {[%emt 00:00:18]} g6 {[%emt
00:00:48]} 38. Qf4 {[%emt 00:00:16]} Ng5 {[%emt 00:00:51]} 39. Rxe7 {[%emt
00:00:19]} Rxe7 {[%emt 00:00:08]} 40. Rxe7 {[%emt 00:00:05]} Qxe7 {[%emt
00:00:14]} 41. Qxd4 {[%emt 00:00:16]} Qe1+ {[%emt 00:00:48]} 42. Kh2 {[%emt
00:00:21]} Ke7 {[%emt 00:00:40]} 43. a5 {[%emt 00:00:23]} Qa1 {[%emt 00:00:41]}
44. Qc5+ {[%emt 00:00:31]} Kd7 {[%emt 00:11:14]} 45. Qd5+ {[%emt 00:00:43]} Ke7
{[%emt 00:02:11]} 46. Qc5+ {[%emt 00:01:01]} Kd7 {[%emt 00:02:47]} 47. Qd5+
{[%emt 00:03:03]} Ke7 {[%emt 00:01:06]} 48. Qc5+ {[%emt 00:01:20]} 1/2-1/2